000 00489cam a2200145 4500500
005 20251012032551.0
041 _afre
042 _adc
100 1 0 _aJacquet-Pfau, Christine
_eauthor
245 0 0 _aJean-Bertrand Pontalis, Traversée des ombres, Paris, Gallimard, 2003, 202 pages.
260 _c2005.
500 _a47
786 0 _nSigila | 16 | 2 | 2005-12-20 | p. 219-222 | 1286-1715
856 4 1 _uhttps://shs.cairn.info/revue-sigila-2005-2-page-219?lang=fr&redirect-ssocas=7080
999 _c1547673
_d1547673